[Event "Lenk op 20th"]
[Site "Lenk"]
[Date "2008.03.21"]
[Round "3"]
[White "Sedina, Elena"]
[Black "Waelti, Thomas"]
[Result "1-0"]
[WhiteElo "2356"]
[BlackElo "1940"]
[PlyCount "53"]
[EventDate "2008.03.20"]
[EventType "swiss"]
[EventRounds "7"]
[EventCountry "SUI"]
[SourceTitle "CBM 123 Extra"]
[Source "ChessBase"]
[SourceDate "2008.05.06"]
[SourceVersion "1"]
[SourceVersionDate "2008.05.06"]
[SourceQuality "1"]

1. e4 c5 2. Nf3 e6 3. c3 Nf6 4. e5 Nd5 5. Bc4 Nb6 6. Bb3 Nc6 7. d4 cxd4 8. cxd4 d5 9. Nc3 Be7 10. h4 a6 11. Bg5 Bd7 12. 0-0 h6 13. Bxe7 Qxe7 14. h5 g5 15. Ba4 Rg8 16. Bxc6 Bxc6 17. Nh2 Nd7 18. Ng4 0-0-0 19. Rb1 f5 20. exf6 Nxf6 21. b4 Be8 22. b5 a5 23. Ne5 Nd7 24. Qc2 Kb8 25. Nc6+ bxc6 26. bxc6+ Ka8 27. Qa4 1-0